Luka Dončić Teammates - Statistics

General Stats
  • This quiz has been taken 86 times
  • The average score is 19 of 71
Answer Stats
GP Answer % Correct
71 Kyrie Irving
95%
55 Dereck Lively II
75%
255 Jalen Brunson
70%
30 Daniel Gafford
69%
42 Dirk Nowitzki
68%
30 P.J. Washington
68%
122 Kristaps Porzingis
64%
316 Maxi Kleber
61%
356 Dwight Powell
58%
314 Dorian Finney-Smith
57%
307 Tim Hardaway Jr.
55%
71 Derrick Jones
53%
201 Josh Green
49%
97 Jaden Hardy
48%
83 Spencer Dinwiddie
45%
31 Dennis Smith
44%
55 Dante Exum
42%
40 Grant Williams
39%
135 Reggie Bullock
38%
13 Brandon Williams
36%
96 Boban Marjanovic
34%
26 Markieff Morris
32%
89 Seth Curry
31%
49 DeAndre Jordan
29%
43 A.J. Lawson
23%
4 Greg Brown III
23%
35 Olivier-Maxence Prosper
23%
55 Christian Wood
22%
15 Moses Brown
22%
43 Sterling Brown
22%
70 Davis Bertans
21%
64 J.J. Barea
19%
12 J.J. Redick
19%
26 James Johnson
18%
60 Josh Richardson
17%
81 Justin Jackson
17%
128 Trey Burke
17%
77 Willie Cauley-Stein
17%
8 Josh Reaves
16%
7 Kemba Walker
16%
20 Richaun Holmes
16%
40 Theo Pinson
16%
91 Frank Ntilikina
14%
47 Harrison Barnes
14%
35 JaVale McGee
14%
15 McKinley Wright IV
14%
66 Delon Wright
13%
59 Devin Harris
13%
2 Moses Wright
13%
27 Salah Mejri
13%
10 Tyrell Terry
12%
32 Courtney Lee
10%
26 Nicolo Melli
10%
13 Justin Holiday
9%
35 Marquese Chriss
9%
16 Michael Kidd-Gilchrist
9%
19 Nathaniel Hinton
8%
17 Tyler Bey
8%
43 Wesley Matthews
8%
12 Antonius Cleveland
6%
2 Dexter Dennis
6%
42 Ryan Broekhoff
6%
4 Eugene Omoruyi
5%
7 Facundo Campazzo
5%
2 Brandon Knight
4%
2 JaQuori McLaughlin
4%
2 Kostas Antetokounmpo
4%
1 Raymond Spalding
4%
22 Wesley Iwundu
4%
5 Daryl Macon
3%
3 Tyler Dorsey
3%
No matching quizzes found
Score Distribution
Percent of People with Each Score
Percentile by Number Answered
Your Score History
You have not taken this quiz